Power system analysis (Record no. 1347)

000 -LEADER
fixed length control field 00590nam a2200229 a 4500
001 - CONTROL NUMBER
control field 1347
003 - CONTROL NUMBER IDENTIFIER
control field BD-DhUET
008 - FIXED-LENGTH DATA ELEMENTS--GENERAL INFORMATION
fixed length control field 931008s1994 nyua 001 0 eng
020 ## - INTERNATIONAL STANDARD BOOK NUMBER
International Standard Book Number 0070585156
020 ## - INTERNATIONAL STANDARD BOOK NUMBER
International Standard Book Number 0071133380
040 ## - CATALOGING SOURCE
Original cataloging agency DLC
Transcribing agency DLC
Modifying agency BD-DhUET
082 00 - DEWEY DECIMAL CLASSIFICATION NUMBER
Classification number 623.19
Item number GRA/1994
100 1# - MAIN ENTRY--PERSONAL NAME
Personal name Grainger, John J.
245 10 - TITLE STATEMENT
Title Power system analysis
250 ## - EDITION STATEMENT
Edition statement 1st ed.
260 ## - PUBLICATION, DISTRIBUTION, ETC. (IMPRINT)
Place of publication, distribution, etc. New York
Name of publisher, distributor, etc. McGraw-Hill
Date of publication, distribution, etc. 1994
300 ## - PHYSICAL DESCRIPTION
Extent xix, 787 p.
Other physical details ill.
504 ## - BIBLIOGRAPHY, ETC. NOTE
Bibliography, etc Includes bibliographies
650 #0 - SUBJECT ADDED ENTRY--TOPICAL TERM
Topical term or geographic name as entry element Electric power systems-Management
700 1# - ADDED ENTRY--PERSONAL NAME
Personal name Stevenson, William D.
942 ## - ADDED ENTRY ELEMENTS (KOHA)
Koha item type General Book
Holdings
Sublocation or collection (holding branch) Copy number Koha renewals Koha issues (times borrowed) Not for loan Koha item type Withdrawn status Location (home branch) Koha normalized classification for sorting Koha date last borrowed Piece designation (barcode) Shelving location Koha out on loan Lost status Date acquired Source of classification or shelving scheme Koha date last seen Koha full call number Damaged status Price effective from
Central Library, BUET1 5 General Book Central Library, BUET623_000000000000000_19GRA19942024-03-04103960Circulation section  2014-09-03 2024-06-01623.19/GRA/1994 2014-09-03
Central Library, BUET2 1 General Book Central Library, BUET623_000000000000000_19GRA19942019-05-06103961Circulation section  2014-09-03 2020-01-14623.19/GRA/1994 2014-09-03
Central Library, BUET313 General Book Central Library, BUET623_000000000000000_19GRA19942025-07-13103962Circulation section  2014-09-03 2025-11-03623.19/GRA/1994 2014-09-03
Central Library, BUET4 1 General Book Central Library, BUET623_000000000000000_19GRA19942019-10-21103963Circulation section  2014-09-03 2025-04-22623.19/GRA/1994 2014-09-03
Central Library, BUET5 1 General Book Central Library, BUET623_000000000000000_19GRA19942023-11-27103964Circulation section2023-12-11 2014-09-03 2023-11-27623.19/GRA/1994 2014-09-03
Central Library, BUET6   General Book Central Library, BUET623_000000000000000_19GRA1994 103965Circulation section  2014-09-03 2016-01-26623.19/GRA/1994 2014-09-03
Central Library, BUET721 General Book Central Library, BUET623_000000000000000_19GRA19942021-02-13103966Circulation section  2014-09-03 2021-12-13623.19/GRA/1994 2014-09-03
Central Library, BUET8 2 General Book Central Library, BUET623_000000000000000_19GRA19942022-02-06103967Circulation section2023-02-06 2014-09-03 2022-02-06623.19/GRA/1994 2014-09-03
Central Library, BUET9 5 General Book Central Library, BUET623_000000000000000_19GRA19942025-05-03103968Circulation section2025-05-17 2014-09-03 2025-05-03623.19/GRA/1994 2014-09-03
Central Library, BUET10   Reading Item Central Library, BUET623_190000000000000_GRA_1994 89529Reading section  2015-06-21 2015-06-21623.19/GRA/1994 2015-06-21
Central Library, BUET11   Reading Item Central Library, BUET623_190000000000000_GRA_1994 91138Reading section  2015-06-21 2015-06-21623.19/GRA/1994 2015-06-21
Central Library, BUET12   Reading Item Central Library, BUET623_190000000000000_GRA_1994 90777Reading section  2015-07-02 2015-07-02623.19/GRA/1994 2015-07-02